Score 0/16 Timer 04:00
0 Plays Today
Team and years Player % Correct
Vancouver, 10-11 to 17-18Henrik Sedin
96.3%
Avalanche, 12-13 to presentGabriel Landeskog
95.3%
Senators, 99-00 to 12-13Daniel Alfredsson
93.7%
Senators, 14-15 to 17-18Erik Karlsson
93.2%
Coyotes, 18-19 to presentOliver Ekman-Larsson
93.2%
Red Wings, 12-13 to 17-18Henrik Zetterberg
93.2%
Red Wings, 06-07 to 11-12Nicklas Lidström
92.1%
Maple Leafs, 97-98 to 07-08Mats Sundin
92.1%
Team and years Player % Correct
Vancouver, 00-01 to 07-08Markus Näslund
89%
Flyers, 06-07Peter Forsberg
64.9%
Jets, 89-90 to 90-91Thomas Steen
48.7%
Kings, 01-02 to 06-07Mattias Norström
40.3%
Wild, December 2008*Kim Johnsson
39.8%
Islanders, 99-00 to 00-01Kenny Jönsson
38.2%
Lightning, 97-98Mikael Renberg
32.5%
Jets, 79-80Lars-Erik Sjöberg
12%
Remove Ads.
Support Sporcle.
Get the best of Sporcle when you Go Orange. This ad-free experience offers more features, more stats, and more fun while also helping to support Sporcle. Thank you for becoming a member.

You're not logged in!

Compare scores with friends on all Sporcle quizzes.
OR
Log In

Sporcle TV

Today on Sporcle TV


Watch our educational content, quiz creation guides, and fun videos on Sporcle TV.

Show Comments

Extras

Top Quizzes Today


Score Distribution

Paid Content

Your Account Isn't Verified!

In order to create a playlist on Sporcle, you need to verify the email address you used during registration. Go to your Sporcle Settings to finish the process.

Report this User

Report this user for behavior that violates our Community Guidelines.

Details: